000 00723nam a2200253Ia 4500
003 OSt
005 20220926044208.0
006 a|||||r|||| 00| 0
007 ta
008 220923b |||||||| |||| 00| 0 eng d
020 _a0566001152
037 _cGeneral Book
040 _aRTL
_cRTL
_beng
041 _2eng
_aeng
082 _aX9.3158B.N7, L6
100 _aPugh D S Ed.
_9270042
245 0 _aOrganizational structures
_b extensions and replicat
260 _c1976
300 _axviii, 192p. Bib p 178-88.
_ccm.
650 _aIndustrial Economics
700 _a Hinings C R Ed.
_9348650
942 _hX9.3158B.N7, L6
_cGB
_2CC
999 _c674209
_d674209